| 000 | 01547nam0a2200361 4500 | ||
|---|---|---|---|
| 001 | RU\NLR\bibl\891985 | ||
| 005 | 20260406054207.0 | ||
| 010 |
_a5-88060-054-8 _96000 |
||
| 021 |
_aRU _b2005-63508 _93118 |
||
| 035 | _a(nilc)RSL-KNO-002723776 | ||
| 035 | _a(NLR Aleph) 000880480 | ||
| 090 |
_a1655764 _c1655764 |
||
| 100 | _a20051003d2005 |||y0rusy50 ca | ||
| 101 | 0 | _arus | |
| 102 | _aRU | ||
| 105 | _aa ||||||||| | ||
| 106 | _ar | ||
| 200 | 1 |
_aЖелаемый всеми народами _iСвященная история для юношества _e[учебное пособие] _fсвящ. Тимофей |
|
| 210 |
_aМ. _cПаломник _d2005 |
||
| 215 |
_a398 с. _cил., портр. _d24 |
||
| 320 | _aБиблиогр.: с. 390-391 (29 назв.) | ||
| 605 |
_aЗакон Божий _92073637 _3RU\NLR\auth\661248560 |
||
| 610 | 0 | _aРелигия -- Христианство -- Библия (Ветхий и Новый Завет) -- Тексты Библии. Исследование и толкование текстов Библии -- Тексты Библии -- Популярные изложения текстов Библии | |
| 686 |
_aЭ37-200.19,0 _2rubbk |
||
| 686 | _aЭ372.24-4я71 | ||
| 700 | 0 |
_4070 _7ca _8rus _aТимофей _cсвященнослужитель _9118679 _3RU\NLR\auth\778793 |
|
| 801 | 0 |
_aRU _bRuMoRKP _c20051003 _grcr |
|
| 801 | 1 |
_aRU _bRuMoRGB _c20051003 |
|
| 801 | 2 |
_aRU _bNLR _c20051221 _grcr |
|
| 942 | _cBOOK | ||
| 980 | _aNB | ||